Giáo trình công nghệ xử lý chất thải rắn nguy hại

Nội dung cuốn sách cung cấp cho sinh viên những kiến thức cơ bản về phân loại chất thải rắn theo nhóm biện pháp xử lý, các nguyên tắc, các cơ chế cũng như các biện pháp xử lý chất htải rắn nguy hại....

ver descrição completa

Na minha lista:
Detalhes bibliográficos
Autor principal: Trịnh, Thị Thanh
Formato: Livro
Idioma:Undetermined
Publicado em: Hà Nội Giáo dục Việt Nam 2011
Assuntos:
Tags: Adicionar Tag
Sem tags, seja o primeiro a adicionar uma tag!
Thư viện lưu trữ: Trung tâm Học liệu Trường Đại học Cần Thơ
LEADER 01008nam a2200217Ia 4500
001 CTU_207572
008 210402s9999 xx 000 0 und d
020 |c 28000 
082 |a 628.44 
082 |b Th107 
100 |a Trịnh, Thị Thanh 
245 0 |a Giáo trình công nghệ xử lý chất thải rắn nguy hại 
245 0 |c Trịnh Thị Thanh 
260 |a Hà Nội 
260 |b Giáo dục Việt Nam 
260 |c 2011 
520 |a Nội dung cuốn sách cung cấp cho sinh viên những kiến thức cơ bản về phân loại chất thải rắn theo nhóm biện pháp xử lý, các nguyên tắc, các cơ chế cũng như các biện pháp xử lý chất htải rắn nguy hại. 
650 |a Xử lý chất thải rắn,Refuse and refuse disposal 
650 |x khía cạnh môi trường,Environmental aspects 
904 |i Qhieu 
980 |a Trung tâm Học liệu Trường Đại học Cần Thơ